000 01504cam a2200325 i 4500
001 000003249
003 DO-SdBNP
005 20251016100724.0
007 ta
008 990506s1999 dr r 001 0 spa d
040 _aDO-SdBNP
_bspa
_cBNPHU
_erda
041 _aspa
082 4 _a340.11
_bA795s
_222
100 1 _aArvelo, Alejandro.
_eautor
_4aut.
_9147
245 1 4 _aLos secretos de la argumentación jurídica /
_cAlejandro Arvelo ; edición, Sócrates Suazo Ruíz.
264 1 _aSanto Domingo :
_bLibros-Impresos Editores,
_c1999.
300 _a218 páginas ;
_c21 cm.
336 _atexto
_btxt
_2rdacontent
337 _asin mediación
_bn
_2rdamedia
338 _avolumen
_bnc
_2rdacarrier
500 _aIncluye referencias bibliográficas y notas al pie de páginas.
505 0 _aIntroducción --
_t¿Que es un argumento? --
_tLos métodos de investigación jurídica y la argumentación --
_tEl arte de pensar y la argumentación jurídica --
_t¿Cómo afrontar el reto de pensar? --
_tCómo argumentar --
_tTipos básicos de argumentación --
_tLa argumentación jurídica y las principales fuentes del error --
_tLos pseudo-argumentos, como evitarlos, como atacarlos --
_tLa refutación, claves y recursos.
590 _aInventariado, 2018/BT
650 4 _aArgumentación jurídica
_910238
650 4 _aRazonamiento
_91177
650 4 _aFilosofía del derecho
_91175
700 1 _aSuazo Ruíz, Sócrates,
_eeditor
_4ed.
_910239
910 _aValidado. Control de calidad. EMS
942 _2ddc
_cLBS1
999 _c3080
_d3080